| 000 | 01408nam a22003734a 4500 | ||
|---|---|---|---|
| 001 | ebr10167478 | ||
| 003 | CaPaEBR | ||
| 006 | m u | ||
| 007 | cr cn||||||||| | ||
| 008 | 060227s2006 nyub sb 001 0 eng | ||
| 010 | _z 2006043191 | ||
| 015 |
_aGBA676484 _2bnb |
||
| 016 | 7 |
_z013547228 _2Uk |
|
| 020 | _z1403975027 | ||
| 020 | _z9781403975027 | ||
| 040 |
_aCaPaEBR _cCaPaEBR |
||
| 035 | _a(OCoLC)567997638 | ||
| 043 | _ae-sp--- | ||
| 050 | 1 | 4 |
_aG155.S6 _bP23 2006eb |
| 082 | 0 | 4 |
_a338.4/79146 _222 |
| 100 | 1 | _aPack, Sasha D. | |
| 245 | 1 | 0 |
_aTourism and dictatorship _h[electronic resource] : _bEurope's peaceful invasion of Franco's Spain / _cSasha D. Pack. |
| 250 | _a1st ed. | ||
| 260 |
_aNew York : _bPalgrave Macmillan, _c2006. |
||
| 300 |
_axii, 273 p. : _bmap. |
||
| 504 | _aIncludes bibliographical references (p. [249]-264) and index. | ||
| 533 |
_aElectronic reproduction. _bPalo Alto, Calif. : _cebrary, _d2013. _nAvailable via World Wide Web. _nAccess may be limited to ebrary affiliated libraries. |
||
| 650 | 0 |
_aTourism _zSpain _xHistory _y20th century. |
|
| 650 | 0 |
_aEuropeans _zSpain _xHistory _y20th century. |
|
| 651 | 0 |
_aSpain _xHistory _yRepublic, 1931-1939. |
|
| 655 | 7 |
_aElectronic books. _2local |
|
| 710 | 2 | _aebrary, Inc. | |
| 856 | 4 | 0 |
_uhttp://site.ebrary.com/lib/rucke/Doc?id=10167478 _zAn electronic book accessible through the World Wide Web; click to view |
| 999 |
_c246997 _d246997 |
||